The Use of socio-economic indicators in development planning.

Bibliographic Details
Corporate Author: Unesco
Format: Book
Language:English
Published: Paris : Unesco Press, 1976.
Subjects:

MARC

Tag First Indicator Second Indicator Subfields
LEADER 00000cam a2200000 i 4500
001 in00000314621
005 20151011050400.0
008 761008s1976 fr a b i10000 eng
010 |a  76375885  
015 |a F*** 
020 |a 9231013297 
035 |a (OCoLC)02566220 
035 |9 ABK0721AM 
040 |a DLC  |c DLC  |d TXA  |d UtOrBLW 
049 |a TXAM  |c [1403195] 
050 0 0 |a HD82  |b .U82 
082 0 |a 309.2/12 
245 0 4 |a The Use of socio-economic indicators in development planning. 
264 1 |a Paris :  |b Unesco Press,  |c 1976. 
300 |a 282 pages :  |b illustrations ;  |c 25 cm. 
336 |a text  |b txt  |2 rdacontent 
337 |a unmediated  |b n  |2 rdamedia 
338 |a volume  |b nc  |2 rdacarrier 
500 |a Papers presented at 2 Unesco meetings. 
504 |a Includes bibliographies. 
650 0 |a Economic development  |x Social aspects  |v Congresses. 
650 0 |a Social indicators  |v Congresses. 
710 2 |a Unesco. 
999 |a MARS 
999 f f |s 579eef5b-c0e4-3e77-ab29-c877f74d4a32  |i 8b02da06-6194-3d28-a35b-e48ec8e631e1  |t 0 
952 f f |p ric  |a Texas A&M University  |b Rellis Campus  |c Joint Library Facility  |d Remote Storage  |t 0  |e HD82 .U82  |h Library of Congress classification  |i unmediated -- volume  |m A14802643623 
998 f f |a HD82 .U82  |t 0  |l Remote Storage